000 00931nas a2200313 4500
001 BR0003200
003 BR-BrBNA
005 20231205101925.0
007 ta
008 230509b bl.|||p| |||| 00| 00por d
040 _aBR-BrBNA
_bpor
_cBiblioteca Nacional de Agricultura
041 _a(Pt)
072 _aF03
100 1 _aAndrade, A.C.S. de
100 1 _aSouza, A.F. de
100 1 _aRamos, F.N.
100 1 _aPerreira, T.S.
100 1 _aCruz, A.P.M.
245 1 _aGerminacao de sementes de jenipapo: temperatura, substrato e morfologia do desenvolvimento pos-seminal
650 _aJenipapo
650 _aSemente
650 _aGerminacao
650 _aPlantula
650 _aTemperatura
650 _aTeste de Sementes
773 0 _tPesquisa Agropecuaria Brasileira (Brazil)
_xISSN 0100-204X
_g(Mar 2000), v. 35(3) p. 609-615
_wBR0003200
909 _a202311
_bLúcia
_c55
_dLúcia Elande
942 _2AGRIS
_n0
_cANA
999 _c164738
_d164738